书目信息 |
| 题名: |
《哥达纲领批判》浅说
|
|
| 作者: | 《〈哥达纲领批判〉》浅说编写组编 | |
| 分册: | ||
| 出版信息: | 上海 上海人民出版社 1975 |
|
| 页数: | 139页 | |
| 开本: | 19cm | |
| 丛书名: | ||
| 单 册: | ||
| 中图分类: | A811.24 | |
| 科图分类: | ||
| 主题词: | 马列著作研究-哥达纲领批判 | |
| 电子资源: | ||
| ISBN: | ||
| 000 | 00679nam0 2200229 45 | |
| 001 | 0175004205 | |
| 005 | 20060726162629.76 | |
| 010 | @dCNY0.24 | |
| 100 | @a19960105d1975 em y0chiy0121 ea | |
| 101 | 0 | @achi |
| 102 | @aCN@b310000 | |
| 105 | @ay z 000yy | |
| 200 | 12 | @a《哥达纲领批判》浅说@Age da gang ling pi pan qian shuo@f《〈哥达纲领批判〉》浅说编写组编 |
| 205 | @a2版 | |
| 210 | @a上海@c上海人民出版社@d1975 | |
| 215 | @a139页@d19cm | |
| 517 | 1 | @a哥达纲领批判浅说@Age da gang ling pi pan qian shuo |
| 605 | @a哥达纲领批判@x马列著作研究 | |
| 606 | @a马列著作研究-哥达纲领批判 | |
| 690 | @aA811.24@v3 | |
| 801 | 0 | @aCN@bTSSF@c20060726 |
| 905 | @a10447@dA811.24@e188 | |
| 《哥达纲领批判》浅说/《〈哥达纲领批判〉》浅说编写组编.-2版.-上海:上海人民出版社,1975 |
| 139页;19cm |
| ISBN :CNY0.24 |
| ● |
| 相关链接 |
|
|
|
|
正题名:《哥达纲领批判》浅说
索取号:A811.24/188
 
预约/预借
| 序号 | 登录号 | 条形码 | 馆藏地/架位号 | 状态 | 备注 |
| 1 | 0426746 | 204267462 | 密集书库/ [索取号:A811.24/188] | 在馆 |